| 000 | 00659nam a22002297a 4500 | ||
|---|---|---|---|
| 008 | 150921b xxu||||| |||| 00| 0 eng d | ||
| 020 | _a0324015771 | ||
| 041 | 0 | _aeng | |
| 080 | _a658.15 | ||
| 100 | 1 | _aMoyer, R. Charles, | |
| 245 | 1 | 0 |
_aContemporary financial management fundamentals / _cR. Charles Moyer, James R. McGuigan, Ramesh P. Rao. |
| 250 | _a1st ed. | ||
| 260 |
_aMason, Ohio : _bThomson/South-Western, _c2005. |
||
| 300 |
_axxii, 586 f. : _bme il.; _c26 cm. |
||
| 505 | _aIndex: f. 576-586 | ||
| 650 | 0 | _aFinancë | |
| 650 | 0 | _aOrganizim | |
| 650 | 0 | _aBazat | |
| 700 | 1 | _aMcGuigan, James R. | |
| 700 | 1 | _aRao, Ramesh P. | |
| 942 |
_2udc _cBK |
||
| 999 |
_c1147 _d1147 |
||